Magnum, P.I. Quiz - for Extreme Fans - Statistics

General Stats
  • This quiz has been taken 110 times
    109 since last reset
  • The average score is 14 of 50
Answer Stats
Hint Answer % Correct
Nickname Rick and TC sometimes call Magnum TM
74%
Four vehicles that belonged to the estate throughout the run of the series Ferrari 308GTS / GTSi
61%
Nickname of crime lord and father figure to Rick Icepick
55%
What Magnum calls his sixth sense or intuition my little voice
52%
Audi 5000
48%
Sport Magnum played in college football
48%
Two Navy lieutenants whom Magnum often persuaded to assist him on cases MacReynolds
44%
Exclamation Higgins uses when angry, annoyed or frustrated Oh, my God!
44%
Sport Selleck played in college basketball
42%
Rick's favorite movie Casablanca
42%
Three foods that Magnum frequently eats chili dog
42%
When Higgins learns he is to be quarantined in the guest house for a week to avoid African Hemorrhagic Fever, he laments: " No ____ for a week." {hint: his pets} lads
40%
PI from St Louis who appeared in 5 episodes Luther H Gillis
35%
Magnum's favorite beer: _____ __________ in a long neck Old Dusseldorf
32%
Two of Magnum's favorite possessions (the two most often seen) rubber chicken
32%
Marine Colonel, nemesis of Magnum Buck Greene
31%
City that Rick is from Chicago
31%
Famous race that Magnum once participated in Iron Man Triathlon
29%
Jeep Wagoneer XJ
29%
What happened to Rick's sister when she went on a date with Magnum she ditched him and was killed
29%
Doctor most often depicted Doc Ibold
27%
British rock band who had songs featured in 3 episodes of seasons 7 and 8 Genesis
27%
Maggie Poole
27%
Two pieces of jewelry Magnum has always worn Rolex watch
27%
What two phrases does Lily say, in English, that makes Magnum believe that she is his daughter (one is 2 words, the other is 3 words) Detroit Tigers
26%
Rick, TC, Thomas
26%
Profession of Magnum's first client, Karen Teal surfer
26%
pizza
24%
Phrase Magnum frequently uses when beginning voice-over narration I know what you're thinking…
23%
Vietnam team ring
23%
What British game is Higgins excited to watch on his satellite TV (settling in with crackers and caviar) World Championships of Snooker
23%
GMC Jimmy
21%
Where Magnum went to college US Naval Academy
21%
When I write my book on How to Be a _____ _____ Private Investigator…. World Class
21%
What TC most often drinks coffee
19%
gorilla mask
19%
What Magnum is a sucker for tears
19%
Where Selleck went to college USC
18%
Magnums favorite cookie (usually dipped in milk) Fig Newtons
16%
Complete the Higgins quote: "Don't ruin my whisky with ____! I'm not a ______ _________!" ice bloody American
16%
Third piece of jewelry he started wearing near the end of season 3 MIA bracelet
16%
Magnum's favorite movie Stalag 17
16%
First and last name of the above Francis Hofstetler
15%
Natural phenomenon Magnum speaks of often, each one takes his breath away rainbow
15%
Who is in the photo Magnum keeps on his nightstand Selleck's parents
13%
What creatures terrify Rick bugs
11%
Short (3 word) statement Magnum frequently utters, usually in a slightly anxious tone I can explain.
11%
Actress who dated Selleck and whose character dated Magnum in one episode Mimi Rogers
10%
City that TC is from New Orleans
10%
popcorn
10%
No matching quizzes found
Score Distribution
Percent of People with Each Score
Percentile by Number Answered
Your Score History
You have not taken this quiz since the last reset